Estatísticas para Cultura Geral

Clique aqui para jogar o quiz

Estatísticas Gerais

  • Esse quiz foi jogado 31 vezes
  • A pontuação média é 9 de 15

Estatísticas das Respostas

HintResposta% Correto
Qual é a capital da Alemanha?Berlim
100%
Que general famoso tinha o sobrenome Bonaparte?Napoleão
96%
Qual é a estrutura artificial mais alta de Paris?Torre Eiffel
93%
Qual é o maior rio da América do Sul?Amazonas
82%
Em que país você encontraria a sede da corporação Hyundai?Coreia do Sul
79%
Que série de filmes é sobre um parque temático onde os dinossauros ganham vida?Jurassic Park
75%
Qual é a cidade mais populosa do norte da Itália?Milão
75%
Qual é o maior estado dos EUA por área terrestre?Alasca
68%
Quem escreveu a série de livros Harry Potter?J.K.Rowling
57%
Qual é a maior cidade da China que começa com a letra S?Shanghai
54%
Quem gravou as músicas "Tiny Dancer", "Crocodile Rock" e "Rocket Man"?Elton John
46%
Que ex-líder iraquiano foi executado em 2006?Saddam Hussein
46%
Que roupa poderia ser descrita como uma "saia escocesa para homem"?Kilt
39%
Qual é a capital do Alasca?Juneau
21%
Qual cidade do Japão é internacionalmente famosa por sua carne bovina?Kobe
4%

Distribuição das Pontuações

Percentil de Números Respondidos

Porcentagem de Pessoas com Cada Pontuação

Sua Pontuação Histórica

Você não jogou esse quiz